The British committee of the Indian national congress 1889-1921/ (Record no. 68992)

MARC details
000 -LEADER
fixed length control field 00914nam a22002177a 4500
005 - DATE AND TIME OF LATEST TRANSACTION
control field 20120813153336.0
010 ## - LCCN (DPL NO)
LC control number B-457645
020 ## - INTERNATIONAL STANDARD BOOK NUMBER
International Standard Book Number 9789380188096
Terms of availability 900.00
035 ## - SYSTEM CONTROL NUMBER
System control number B-457645
037 ## - SOURCE OF ACQUISITION
Stock number dpl
Source of stock number/acquisition K.K./Pub/Ven
082 ## - DEWEY DECIMAL CLASSIFICATION NUMBER
Classification number 954.084
100 ## - MAIN ENTRY--PERSONAL NAME
Personal name Shankar, Prabha Ravi.
245 ## - TITLE STATEMENT
Title The British committee of the Indian national congress 1889-1921/
Statement of responsibility, etc by Prabha Ravi Shankar
260 ## - PUBLICATION, DISTRIBUTION, ETC. (IMPRINT)
Place of publication, distribution, etc New Delhi
Name of publisher, distributor, etc Promilla & Co.
Date of publication, distribution, etc 2011
270 ## - ADDRESS
Address C-127,Sarvodya Enclave
City New Delhi
Postal code 110017
300 ## - PHYSICAL DESCRIPTION
Extent 348p.
Dimensions 22cm.(Hb)
500 ## - GENERAL NOTE
General note it includes bibliography and index
942 ## - ADDED ENTRY ELEMENTS (KOHA)
Source of classification or shelving scheme Dewey Decimal Classification
Item type English Books
Call number suffix SHA
Classification part 954.084
Holdings
Withdrawn status Lost status Not for loan Collection code Home library Current library Date acquired Source of acquisition Cost, normal purchase price Full call number Barcode Copy number Cost, replacement price Koha item type
      Non-fiction Central Library Central Library 16/08/2012 K.K.Pub/1682/01.02.2012/25/18.01.2012/06.02.2012 900.00 954.084 SHA B-457645 1 900.00 English Books

© Delhi Public Library
Hit Counter
free hit counter